El derecho y la globalizacin̤ desde abajo. Hacia una legalidad cosmopolita

Bibliographic Details
Main Author: de Sousa Santos, Boaventura
Other Authors: Rodrg̕uez Garavito, Cšar A.
Format: Book
Language:Spanish
Published: Barcelona Editorial Anthropos 2007
Subjects:
Online Access:Acceso restringido

MARC

LEADER 00000nam a22000007a 4500
005 20150929153044.0
006
007 cr|||| ||u|
008 150929s2007 sp ||||| |||| 00| 0 spa d
020 |a 978-84-7658-834-5 
035 |a 12838 
040 |a vLex 
090 |c 5560  |d 5560 
100 1 |a de Sousa Santos, Boaventura 
245 1 3 |a El derecho y la globalizacin̤ desde abajo. Hacia una legalidad cosmopolita  |h [Recurso electrn̤ico] /  |c Boaventura de Sousa Santos 
256 |a Servicio en ln̕ea 
260 |a Barcelona  |b Editorial Anthropos  |c 2007 
300 |a 1 recurso electrn̤ico 
500 |a En el inicio del nuevo milenio, somos testigos de una profusin̤ de propuestas que piden la transformacin̤ o la sustitucin̤ de las instituciones nacionales e internacionales que apoyan la globalizacin̤ neoliberal hegemn̤ica. Estas propuestas suponen un reto para nuestra investigacin̤ socil̤ogica y jurd̕ica, y rechazan la ideologa̕ fatalista de que ±no hay alternativa» a las instituciones neoliberales. Este libro es un intento sin precedentes por analizar el papel del derecho en el movimiento global por la justicia social y nace de nuestro asombro frente al paradj̤ico estado del conocimiento sociojurd̕ico sobre la globalizacin̤. 
506 1 |a Contenido solo disponible en los productos indicados  |d vLex Global  |d vLex Global (Academic Edition, excluding Law Schools)  |d vLex Global (U.S. Academic Edition, Law Schools)  |d vLex Global (U.S. Academic Edition, excluding Law Schools)  |d vLex Global (Academic Edition, Law Schools) 
650 0 4 |a Derecho  |z Colombia 
650 0 4 |a Derecho 
650 0 4 |a Derecho  |z Brasil 
700 1 |a Rodrg̕uez Garavito, Cšar A. 
740 |a vLex libros (Servicio en ln̕ea) 
856 4 0 |u http://vlex.com/source/derecho-y-la-globalizacion-desde-abajo-hacia-una-legalidad-cosmopolita-12838  |z Acceso restringido 
942 |c BOOK 
999 |a Law